History of the Ottoman Empire and modern Turkey / (Record no. 54564)
[ view plain ]
| 000 -LEADER | |
|---|---|
| fixed length control field | 01115nam a2200289 a 4500 |
| 001 - CONTROL NUMBER | |
| control field | 54564 |
| 003 - CONTROL NUMBER IDENTIFIER | |
| rucl marc code | BD-RJUL |
| 005 - DATE AND TIME OF LATEST TRANSACTION | |
| control field | 20211209080135.0 |
| 008 - FIXED-LENGTH DATA ELEMENTS--GENERAL INFORMATION | |
| fixed length control field | 161107s enkb b 001 0 eng d |
| 020 ## - INTERNATIONAL STANDARD BOOK NUMBER | |
| International Standard Book Number | 0521212804 (v. 1 : hbk.) |
| International Standard Book Number | 0521291631 (v. 1 : pbk.) |
| International Standard Book Number | 0521214491 (v. 2 : hbk.) |
| International Standard Book Number | 0521291666 (v. 2 : pbk.) |
| 035 ## - SYSTEM CONTROL NUMBER | |
| System control number | BD-RjUL54686 |
| 040 ## - CATALOGING SOURCE | |
| Original cataloging agency | BD-RjUL |
| Language of cataloging | eng |
| Transcribing agency | BD-RjUL |
| 041 ## - LANGUAGE CODE | |
| Language code of text/sound track or separate title | eng |
| 082 ## - DEWEY DECIMAL CLASSIFICATION NUMBER | |
| Edition number | 23 |
| Classification number | 956.1 |
| Author mark and year | SHH 1977 |
| 100 1# - MAIN ENTRY--PERSONAL NAME | |
| Personal name | Shaw, Stanford J. |
| Fuller form of name | (Stanford Jay), |
| Dates associated with a name | 1930-2006. |
| 9 (RLIN) | 162755 |
| 245 10 - TITLE STATEMENT | |
| Title | History of the Ottoman Empire and modern Turkey / |
| Statement of responsibility, etc. | Stanford J. Shaw. |
| 260 ## - PUBLICATION, DISTRIBUTION, ETC. (IMPRINT) | |
| Place of publication, distribution, etc. | Cambridge : |
| Name of publisher, distributor, etc. | Cambridge University Press, |
| Date of publication, distribution, etc. | 1976-1977. |
| 300 ## - PHYSICAL DESCRIPTION | |
| Pagination | 2 v. : |
| Illustrations | ill. ; |
| Size | 23 cm. |
| 504 ## - BIBLIOGRAPHY, ETC. NOTE | |
| Bibliography, etc | Includes bibliographical references and indexes. |
| 505 0# - FORMATTED CONTENTS NOTE | |
| Formatted contents note | v.1. Empire of the Gazis : the rise and decline of the Ottoman Empire 1280-1808 -- v. 2 Reform, revolution, and republic : the rise of modern Turkey, 1808-1975 / Stanford J. Shaw, Ezel Kural Shaw. |
| 651 #0 - SUBJECT ADDED ENTRY--GEOGRAPHIC NAME | |
| Geographic name | Turkey |
| General subdivision | History. |
| 9 (RLIN) | 128900 |
| 700 1# - ADDED ENTRY--PERSONAL NAME | |
| Personal name | Shaw, Ezel Kural. |
| 942 ## - ADDED ENTRY ELEMENTS (KOHA) | |
| Source of classification or shelving scheme | Dewey Decimal Classification |
| Koha item type | Books |
| Lost status | Source of classification or shelving scheme | Damaged status | Not for loan | Collection code | Permanent Location | Current Location | Shelving location | Date acquired | Source of acquisition | Cost, normal purchase price | Total Checkouts | Full call number | Date last seen | Date checked out | Copy number | Koha item type |
|---|---|---|---|---|---|---|---|---|---|---|---|---|---|---|---|---|
| Dewey Decimal Classification | Non-fiction | Central Library, University of Rajshahi | Central Library, University of Rajshahi | 27/07/1978 | Tulip ent. | 74.00 | 3 | 956.1 SHH V-2 1977 | 25/02/2024 | 15/02/2024 | C-2 | Books | ||||
| Dewey Decimal Classification | Not For Loan | Non-fiction | Central Library, University of Rajshahi | Central Library, University of Rajshahi | Reading Room | 27/07/1985 | Tulip ent. | 74.00 | 956.1 SHH V-1 1978 | 15/02/2017 | C-1 | Books |